000 00404nam a22001697a 4500
003 MPLRDC
005 20220104142856.0
008 210129b ||||| |||| 00| 0 eng d
082 _a490.7 LSJ
100 _a李世俊等著
245 _a孙子兵法与企业管理
_c
250 _a一版一刷
260 _a
_b广西人民出版社
_c1984
300 _b
650 _a
942 _cBK
_o490.7 LSJ
999 _c34437
_d34427